[Event "Calvi Balagne op 04th"]
[Site "Calvi"]
[Date "2007.02.28"]
[Round "4"]
[White "Costa, Albino"]
[Black "Boukobza, Adrien"]
[Result "0-1"]
[WhiteElo "2008"]
[BlackElo "2192"]
[PlyCount "52"]
[EventDate "2007.02.26"]
[EventType "swiss"]
[EventRounds "7"]
[EventCountry "FRA"]
[SourceTitle "CBM 117 Extra"]
[Source "ChessBase"]
[SourceDate "2007.05.09"]
[SourceVersion "1"]
[SourceVersionDate "2007.05.09"]
[SourceQuality "1"]

1. e4 e6 2. Nc3 d5 3. d3 c5 4. Nf3 Nf6 5. Bg5 Be7 6. h3 Nc6 7. Qd2 d4 8. e5 dxc3 9. Qxc3 Nd5 10. Bxe7 Qxe7 11. Qc4 b6 12. 0-0-0 Bb7 13. Nd2 Nxe5 14. Qb3 0-0 15. g3 Ne3 16. fxe3 Bxh1 17. e4 Bf3 18. Re1 Bh5 19. Bg2 Rac8 20. g4 Bg6 21. c4 Rcd8 22. Bf1 Rd4 23. Qc3 Rfd8 24. Re3 Qg5 25. Rg3 Qf4 26. Rg2 Nxd3+ 0-1

[Event "Calvi Balagne op 04th"]
[Site "Calvi"]
[Date "2007.02.27"]
[Round "2"]
[White "Geronimi, Pierre Francois"]
[Black "Boukobza, Adrien"]
[Result "1-0"]
[WhiteElo "1893"]
[BlackElo "2192"]
[PlyCount "111"]
[EventDate "2007.02.26"]
[EventType "swiss"]
[EventRounds "7"]
[EventCountry "FRA"]
[SourceTitle "CBM 117 Extra"]
[Source "ChessBase"]
[SourceDate "2007.05.09"]
[SourceVersion "1"]
[SourceVersionDate "2007.05.09"]
[SourceQuality "1"]

1. e4 e6 2. Nf3 d5 3. e5 c5 4. b4 cxb4 5. a3 Nc6 6. axb4 Bxb4 7. c3 Be7 8. d4 Bd7 9. Bd3 b5 10. Na3 b4 11. cxb4 Qb6 12. Nc2 Nxb4 13. Nxb4 Bxb4+ 14. Bd2 Ne7 15. Ra6 Qb7 16. 0-0 Bxd2 17. Qxd2 Bc6 18. Qg5 Kf8 19. Rb1 Qd7 20. h4 Rc8 21. h5 h6 22. Qf4 Rc7 23. Rb8+ Nc8 24. Bg6 Ke8 25. Bd3 Rb7 26. Rxb7 Qxb7 27. Qc1 Kd7 28. Qc5 Kc7 29. Ne1 Nb6 30. Nc2 Kb8 31. Nb4 Rc8 32. Qd6+ Ka8 33. Ra5 Nc4 34. Bxc4 dxc4 35. f3 Qd7 36. Qc5 Qb7 37. Nxc6 Rxc6 38. Rxa7+ Qxa7 39. Qxc6+ Qb7 40. Qxc4 Qb1+ 41. Kf2 Qf5 42. g4 Qf4 43. Qa4+ Kb8 44. Qb4+ Ka8 45. Kg2 Ka7 46. Qb2 Ka8 47. Qa3+ Kb8 48. Qf8+ Kb7 49. Qxg7 Qd2+ 50. Kh3 Qf2 51. Qxf7+ Kb8 52. Qf8+ Kc7 53. Qxh6 Qxf3+ 54. Kh4 Qf2+ 55. Kg5 Qxd4 56. Qxe6 1-0

[Event "Paris-ch"]
[Site "Paris"]
[Date "2006.07.12"]
[Round "4"]
[White "Colson, Arnaud"]
[Black "Boukobza, Adrien"]
[Result "0-1"]
[WhiteElo "2211"]
[BlackElo "2192"]
[PlyCount "74"]
[EventDate "2006.07.08"]
[EventType "swiss"]
[EventRounds "9"]
[EventCountry "FRA"]
[SourceTitle "EXT 2007"]
[Source "ChessBase"]
[SourceDate "2006.11.23"]
[SourceVersion "1"]
[SourceVersionDate "2006.11.23"]
[SourceQuality "1"]

1. d4 e6 2. c4 d5 3. Nc3 f5 4. Nf3 Nf6 5. Bf4 c6 6. e3 Be7 7. Bd3 0-0 8. Qc2 Ne4 9. g4 Na6 10. a3 Qa5 11. Ke2 Nxc3+ 12. bxc3 Nc7 13. Ne5 Ne8 14. c5 Kh8 15. h4 Bf6 16. gxf5 exf5 17. h5 Nc7 18. Rh2 Ne6 19. Ng6+ hxg6 20. hxg6+ Kg8 21. Rah1 Nxf4+ 22. exf4 Re8+ 23. Kf3 Kf8 24. Rh8+ Ke7 25. Qe2+ Be6 26. Bxf5 Qxc3+ 27. Kg2 Kd7 28. Rxe8 Rxe8 29. Rh8 Qxd4 30. Rxe8 Bxf5 31. Rf8 Qe4+ 32. Qxe4 Bxe4+ 33. f3 Bxg6 34. Ra8 d4 35. Rxa7 Kc7 36. Kf2 d3 37. Ke3 Bd4+ 0-1

[Event "EU-ch U14"]
[Site "Urgup"]
[Date "2004.07.??"]
[Round "8"]
[White "Boukobza, Adrien"]
[Black "Leniart, Arkadiusz"]
[Result "0-1"]
[WhiteElo "2101"]
[BlackElo "2235"]
[PlyCount "86"]
[EventDate "2004.08.??"]
[EventType "swiss"]
[EventRounds "9"]
[EventCountry "TUR"]
[SourceTitle "EXT 2005"]
[Source "ChessBase"]
[SourceDate "2004.11.15"]
[SourceVersion "1"]
[SourceVersionDate "2004.11.15"]
[SourceQuality "1"]

1. d4 Nf6 2. c4 e6 3. Nc3 Bb4 4. Nf3 c5 5. e3 Nc6 6. Bd3 Bxc3+ 7. bxc3 d6 8. 0-0 e5 9. d5 Ne7 10. e4 h6 11. h3 0-0 12. Be3 Ng6 13. Ne1 Nd7 14. Qd2 Qe7 15. Rd1 Nb6 16. f4 exf4 17. Bxf4 Nd7 18. Nf3 Nge5 19. Nxe5 Nxe5 20. Bxe5 Qxe5 21. Rf3 Bd7 22. Rdf1 Rae8 23. Bc2 Re7 24. Qd3 g6 25. Rf6 Kg7 26. Qd2 Bc8 27. Kh1 Rd8 28. R6f3 Qg5 29. Qf2 Rf8 30. Rf6 Qe5 31. Qh4 Rh8 32. Qf2 Rf8 33. Qh4 Rh8 34. Qf2 Bf5 35. Rxf5 gxf5 36. exf5 f6 37. Qh4 Rf8 38. Ba4 Rh8 39. a3 Kg8 40. Bd1 Qxc3 41. Bh5 Rg7 42. Bg6 Qd4 43. Rf4 Qd1+ 0-1

[Event "EU-ch U14"]
[Site "Urgup"]
[Date "2004.07.??"]
[Round "2"]
[White "Kravtsiv, Martyn"]
[Black "Boukobza, Adrien"]
[Result "1-0"]
[WhiteElo "2354"]
[BlackElo "2101"]
[PlyCount "41"]
[EventDate "2004.08.??"]
[EventType "swiss"]
[EventRounds "9"]
[EventCountry "TUR"]
[SourceTitle "EXT 2005"]
[Source "ChessBase"]
[SourceDate "2004.11.15"]
[SourceVersion "1"]
[SourceVersionDate "2004.11.15"]
[SourceQuality "1"]

1. e4 e6 2. Nf3 d5 3. e5 c5 4. b4 cxb4 5. a3 Nh6 6. axb4 Bxb4 7. c3 Be7 8. d4 Nf5 9. Bd3 Nc6 10. 0-0 Bd7 11. Na3 Rc8 12. g4 Nh4 13. Nxh4 Bxh4 14. f4 Be7 15. f5 h5 16. gxh5 Na5 17. Qg4 Rxc3 18. Qxg7 Rxh5 19. Nb5 Bf8 20. Nd6+ Bxd6 21. exd6 1-0

[Event "FRA-chT U20 0304"]
[Site "France"]
[Date "2004.04.30"]
[Round "8"]
[White "Boukobza, Adrien"]
[Black "Rigal, Samy"]
[Result "1-0"]
[WhiteElo "2152"]
[BlackElo "1430"]
[PlyCount "89"]
[EventDate "2003.11.??"]
[EventType "team"]
[EventRounds "11"]
[EventCountry "FRA"]
[SourceTitle "EXT 2005"]
[Source "ChessBase"]
[SourceDate "2004.11.15"]
[SourceVersion "1"]
[SourceVersionDate "2004.11.15"]
[SourceQuality "1"]
[WhiteTeam "Clichy"]
[BlackTeam "Toulouse"]
[WhiteTeamCountry "FRA"]
[BlackTeamCountry "FRA"]

1. d4 d5 2. c4 c6 3. Nc3 Nf6 4. Nf3 e6 5. cxd5 exd5 6. Bg5 Be7 7. e3 Bf5 8. Bd3 Bxd3 9. Qxd3 Nbd7 10. 0-0 0-0 11. Rab1 Re8 12. Qc2 Qc7 13. b4 b5 14. Nxb5 Qb6 15. Nc3 Rac8 16. Rfc1 a6 17. a3 Qb7 18. Nd2 Qa8 19. Na4 Rc7 20. Bf4 Rcc8 21. h3 a5 22. Nc5 Nxc5 23. bxc5 Bd8 24. Rb2 Bc7 25. Bxc7 Rxc7 26. Rcb1 Nd7 27. Nf3 f6 28. Rb3 Rb8 29. Rxb8+ Nxb8 30. Qb3 Na6 31. Qb6 Ra7 32. Ne1 Rc7 33. Qxa5 Rc8 34. Rb6 Nc7 35. Qxa8 Nxa8 36. Rb7 Nc7 37. Nc2 Nb5 38. Rb6 Nc3 39. Nb4 Kf8 40. Rxc6 Rxc6 41. Nxc6 Ke8 42. Nb4 Kd7 43. Kf1 Kc7 44. Ke1 Ne4 45. Nxd5+ 1-0

[Event "France-ch U14"]
[Site "Reims"]
[Date "2004.04.19"]
[Round "3"]
[White "Moucheroud, Jeremy"]
[Black "Boukobza, Adrien"]
[Result "0-1"]
[WhiteElo "2010"]
[BlackElo "2123"]
[PlyCount "88"]
[EventDate "2004.04.??"]
[EventType "swiss"]
[EventRounds "9"]
[EventCountry "FRA"]
[SourceTitle "EXT 2005"]
[Source "ChessBase"]
[SourceDate "2004.11.15"]
[SourceVersion "1"]
[SourceVersionDate "2004.11.15"]
[SourceQuality "1"]

1. e4 e6 2. d4 d5 3. exd5 exd5 4. c4 c6 5. Nc3 Nf6 6. Bd3 Be7 7. Nge2 0-0 8. Bg5 dxc4 9. Bxc4 Bf5 10. 0-0 Nbd7 11. Ng3 Bg6 12. a3 Nb6 13. Ba2 Qd7 14. Qd2 Rad8 15. Rad1 h6 16. Be3 Nfd5 17. Nge2 Nxc3 18. bxc3 Bxa3 19. c4 Be7 20. d5 Nc8 21. Nf4 Bf5 22. h3 Bg5 23. Nh5 Bxe3 24. fxe3 Bg6 25. Nf4 Qd6 26. Qb2 b6 27. Nxg6 Qxg6 28. Bb1 Qg5 29. e4 Nd6 30. Qc2 g6 31. dxc6 Qc5+ 32. Kh1 Qxc6 33. Rf6 Qc7 34. Ba2 Qe7 35. Rff1 Nxe4 36. Rxd8 Rxd8 37. Rf4 Nc5 38. Rf3 Qe1+ 39. Kh2 Qd2 40. Qxd2 Rxd2 41. Ra3 a5 42. Kg3 Rd3+ 43. Rxd3 Nxd3 44. Kf3 a4 0-1

[Event "FRA-chT U20 0304"]
[Site "France"]
[Date "2004.??.??"]
[Round "5"]
[White "Fougerit, Valentin"]
[Black "Boukobza, Adrien"]
[Result "1-0"]
[WhiteElo "2052"]
[BlackElo "2152"]
[PlyCount "123"]
[EventDate "2003.11.??"]
[EventType "team"]
[EventRounds "11"]
[EventCountry "FRA"]
[SourceTitle "EXT 2005"]
[Source "ChessBase"]
[SourceDate "2004.11.15"]
[SourceVersion "1"]
[SourceVersionDate "2004.11.15"]
[SourceQuality "1"]
[WhiteTeam "Niort"]
[BlackTeam "Clichy"]
[WhiteTeamCountry "FRA"]
[BlackTeamCountry "FRA"]

1. e4 e6 2. d4 d5 3. Nd2 Nf6 4. e5 Nfd7 5. Bd3 c5 6. c3 Nc6 7. Ne2 cxd4 8. cxd4 f6 9. exf6 Nxf6 10. 0-0 Bd6 11. Nf3 0-0 12. Ng3 Bd7 13. Bg5 Qb6 14. Qd2 Rae8 15. a3 e5 16. dxe5 Nxe5 17. Nxe5 Bxe5 18. Be3 Qxb2 19. Qxb2 Bxb2 20. Ra2 Bc3 21. Bxa7 Ra8 22. Bb6 g6 23. Rd1 Be6 24. Re2 Kf7 25. Bb5 Rfc8 26. a4 Bd7 27. Ne4 Bb4 28. Ng5+ Kg8 29. Bd4 Bxb5 30. axb5 Bc3 31. Bxc3 Rxc3 32. Re6 Ne8 33. g3 Nc7 34. Re7 h6 35. Ne6 Nxe6 36. Rxe6 Rd8 37. Rxg6+ Kh7 38. Re6 Rd7 39. Rde1 Rf3 40. Re7+ Rf7 41. Rxf7+ Rxf7 42. Rd1 Rd7 43. Rd4 Kg6 44. f4 Kf5 45. Kf2 Ke6 46. Ke3 Kd6 47. f5 Kc5 48. f6 Kxb5 49. Rf4 Rf7 50. Kd4 Kc6 51. Ke5 Kc5 52. Ke6 Rf8 53. Rf5 Kc4 54. Ke7 Ra8 55. f7 d4 56. f8Q Rxf8 57. Rxf8 d3 58. Rc8+ Kb3 59. Rb8 d2 60. Rxb7+ Kc2 61. Rc7+ Kb2 62. Rd7 1-0

[Event "FRA-ch Accession"]
[Site "Aix les Bains"]
[Date "2003.08.23"]
[Round "2"]
[White "Roos, Louis"]
[Black "Boukobza, Adrien"]
[Result "1-0"]
[WhiteElo "2359"]
[BlackElo "2119"]
[PlyCount "41"]
[EventDate "2003.08.19"]
[EventType "swiss"]
[EventRounds "11"]
[EventCountry "FRA"]
[SourceTitle "EXT 2004"]
[Source "ChessBase"]
[SourceDate "2003.11.25"]
[SourceVersion "1"]
[SourceVersionDate "2003.11.25"]
[SourceQuality "1"]

1. e4 e6 2. Qe2 d5 3. exd5 Qxd5 4. Nc3 Qd8 5. Nf3 Nf6 6. d4 Be7 7. Bg5 0-0 8. 0-0-0 c6 9. Bxf6 Bxf6 10. h4 Qa5 11. Kb1 c5 12. Ne4 Bxd4 13. c3 Bf6 14. Nfg5 e5 15. Nxf6+ gxf6 16. Qe4 f5 17. Qxe5 Qb6 18. Rd6 Nc6 19. Qf6 Qc7 20. Bc4 f4 21. Bd3 1-0

[Event "FRA-ch Accession"]
[Site "Aix les Bains"]
[Date "2003.08.19"]
[Round "1"]
[White "Boukobza, Adrien"]
[Black "Gachet, Sebastien"]
[Result "1-0"]
[WhiteElo "2119"]
[BlackElo "2259"]
[PlyCount "79"]
[EventDate "2003.08.19"]
[EventType "swiss"]
[EventRounds "11"]
[EventCountry "FRA"]
[SourceTitle "EXT 2004"]
[Source "ChessBase"]
[SourceDate "2003.11.25"]
[SourceVersion "1"]
[SourceVersionDate "2003.11.25"]
[SourceQuality "1"]

1. d4 Nf6 2. c4 g6 3. Nc3 Bg7 4. e4 d6 5. f3 0-0 6. Be3 e5 7. d5 c5 8. Bd3 Na6 9. Qd2 Bd7 10. Nge2 Nc7 11. g4 a6 12. Ng3 b5 13. a4 bxc4 14. Bxc4 Rb8 15. h4 Rb4 16. b3 Na8 17. Na2 Rb8 18. Nc1 Qc8 19. Qe2 Nc7 20. h5 Qb7 21. Qh2 Bxg4 22. fxg4 Nxg4 23. Qe2 Nxe3 24. Qxe3 Qb4+ 25. Qd2 a5 26. Qxb4 cxb4 27. Nd3 Ne8 28. 0-0 f5 29. hxg6 hxg6 30. exf5 e4 31. Rae1 exd3 32. fxg6 Rxf1+ 33. Kxf1 Nf6 34. Bxd3 Ng4 35. Nf5 Rf8 36. Kg1 Be5 37. Rf1 Nh2 38. Ne7+ Kg7 39. Rxf8 Kxf8 40. Nc6 1-0

[Event "FRA-chT U20 0203"]
[Site "Clichy"]
[Date "2003.05.04"]
[Round "11.4"]
[White "Billy, Romain"]
[Black "Boukobza, Adrien"]
[Result "1-0"]
[WhiteElo "1860"]
[BlackElo "2089"]
[PlyCount "49"]
[EventDate "2002.12.??"]
[EventType "team"]
[EventRounds "11"]
[EventCountry "FRA"]
[SourceTitle "EXT 2004"]
[Source "ChessBase"]
[SourceDate "2003.11.25"]
[SourceVersion "1"]
[SourceVersionDate "2003.11.25"]
[SourceQuality "1"]
[WhiteTeam "Neuilly"]
[BlackTeam "Clichy"]
[WhiteTeamCountry "FRA"]
[BlackTeamCountry "FRA"]

1. e4 e6 2. d4 d5 3. Nd2 Nf6 4. e5 Nfd7 5. Bd3 c5 6. c3 Nc6 7. Ngf3 Be7 8. h4 Qb6 9. 0-0 cxd4 10. cxd4 h6 11. Nb3 a5 12. a4 Ndb8 13. Be3 0-0 14. Rc1 Bd7 15. Bb1 Nb4 16. Nc5 Rc8 17. Qd2 Bf8 18. Rc3 Bc6 19. Nh2 Nd7 20. Nxd7 Bxd7 21. Ng4 Bxa4 22. Bxh6 gxh6 23. Nxh6+ Kh8 24. Qg5 Bg7 25. Rg3 1-0

[Event "FRA-chT U20 0203"]
[Site "Clichy"]
[Date "2003.05.03"]
[Round "9.3"]
[White "Boukobza, Adrien"]
[Black "Barbet, Loic"]
[Result "1-0"]
[WhiteElo "2089"]
[BlackElo "1920"]
[PlyCount "87"]
[EventDate "2002.12.??"]
[EventType "team"]
[EventRounds "11"]
[EventCountry "FRA"]
[SourceTitle "EXT 2004"]
[Source "ChessBase"]
[SourceDate "2003.11.25"]
[SourceVersion "1"]
[SourceVersionDate "2003.11.25"]
[SourceQuality "1"]
[WhiteTeam "Clichy"]
[BlackTeam "Agneaux Saint Lo"]
[WhiteTeamCountry "FRA"]
[BlackTeamCountry "FRA"]

1. d4 d5 2. c4 e6 3. Nc3 Nf6 4. cxd5 exd5 5. Bg5 Nbd7 6. e3 c6 7. Bd3 Be7 8. Nf3 0-0 9. 0-0 Re8 10. Qc2 Nf8 11. Rab1 a5 12. a3 Bd6 13. b4 axb4 14. axb4 Bg4 15. Nd2 Bh5 16. Kh1 Bg6 17. Bxg6 Nxg6 18. b5 h6 19. Bxf6 Qxf6 20. bxc6 bxc6 21. Ne2 Ra6 22. Nf3 Nh4 23. Neg1 Nf5 24. Ra1 Rea8 25. Rxa6 Rxa6 26. Qd3 Ra3 27. Qb1 c5 28. dxc5 Bxc5 29. Rc1 Be7 30. Ne2 Nd6 31. Nf4 Ra5 32. Rd1 d4 33. Nxd4 g5 34. Nc6 Rb5 35. Nd5 Qxf2 36. Ndxe7+ Kg7 37. Qd3 Rb2 38. Qd4+ f6 39. Qd5 Nf7 40. Qe4 Kf8 41. Nf5 Ne5 42. Rd8+ Kf7 43. Nxh6+ Kg7 44. Rg8+ 1-0

[Event "FRA-chT U20 0203"]
[Site "Clichy"]
[Date "2003.01.04"]
[Round "6.2"]
[White "Boukobza, Adrien"]
[Black "Forgues, Fabien"]
[Result "1-0"]
[WhiteElo "2046"]
[BlackElo "2110"]
[PlyCount "71"]
[EventDate "2002.12.??"]
[EventType "team"]
[EventRounds "11"]
[EventCountry "FRA"]
[SourceTitle "EXT 2004"]
[Source "ChessBase"]
[SourceDate "2003.11.25"]
[SourceVersion "1"]
[SourceVersionDate "2003.11.25"]
[SourceQuality "1"]
[WhiteTeam "Clichy"]
[BlackTeam "Pau"]
[WhiteTeamCountry "FRA"]
[BlackTeamCountry "FRA"]

1. d4 d5 2. c4 Bf5 3. Nc3 e6 4. cxd5 exd5 5. Bf4 c6 6. e3 Bd6 7. Bxd6 Qxd6 8. Bd3 Bxd3 9. Qxd3 Nf6 10. Nf3 Nbd7 11. 0-0 0-0 12. Rab1 a5 13. a3 Rfe8 14. Rfc1 Ne4 15. Nd2 Nxd2 16. Qxd2 Nb6 17. Qc2 Nc4 18. Na4 b6 19. Ra1 Re6 20. b3 Nxa3 21. Qa2 Nb5 22. Nxb6 Rb8 23. Qxa5 g5 24. Na4 Rh6 25. g3 Qe6 26. Qd2 Qh3 27. f3 Kh8 28. Nc5 Re8 29. Nd3 Qf5 30. Ne5 Ree6 31. g4 Qf6 32. Ra6 Rxe5 33. dxe5 Qxf3 34. Qf2 Qxg4+ 35. Qg2 Qf5 36. Raxc6 1-0

[Event "FRA-chT U20 0203"]
[Site "Clichy"]
[Date "2003.01.04"]
[Round "5.2"]
[White "Magnin, Guillaume"]
[Black "Boukobza, Adrien"]
[Result "0-1"]
[WhiteElo "1740"]
[BlackElo "2046"]
[PlyCount "110"]
[EventDate "2002.12.??"]
[EventType "team"]
[EventRounds "11"]
[EventCountry "FRA"]
[SourceTitle "EXT 2004"]
[Source "ChessBase"]
[SourceDate "2003.11.25"]
[SourceVersion "1"]
[SourceVersionDate "2003.11.25"]
[SourceQuality "1"]
[WhiteTeam "Avignon"]
[BlackTeam "Clichy"]
[WhiteTeamCountry "FRA"]
[BlackTeamCountry "FRA"]

1. d4 e6 2. c4 d5 3. cxd5 exd5 4. Nc3 f5 5. Bf4 c6 6. e3 Nf6 7. Bd3 Be7 8. Nge2 0-0 9. f3 Bd6 10. Bxd6 Qxd6 11. 0-0 Qe7 12. Qd2 Be6 13. Ng3 Ne8 14. e4 fxe4 15. fxe4 Rxf1+ 16. Rxf1 dxe4 17. Bxe4 Nf6 18. Bf3 Nbd7 19. Kh1 Nb6 20. Re1 Qf7 21. b3 Rd8 22. Qe3 Bc8 23. Nge2 Re8 24. Qd2 Qe7 25. Kg1 Ng4 26. h3 Nh6 27. Kf1 Nf5 28. Nf4 Qxe1+ 29. Qxe1 Rxe1+ 30. Kxe1 Nxd4 31. Be4 Ne6 32. Nd3 g6 33. h4 Nd7 34. b4 Nf6 35. g3 Nd4 36. Kd2 Bf5 37. Nf2 Bxe4 38. Nfxe4 Nxe4+ 39. Nxe4 Nf5 40. a4 Kf8 41. Kd3 Ke7 42. Ke2 b6 43. Kf3 Nd4+ 44. Kf4 Nc2 45. Kg5 Nxb4 46. Kh6 Nd3 47. Kxh7 Ne5 48. Kh6 Ke6 49. Kg5 c5 50. Kf4 Kd5 51. Nf6+ Kd4 52. g4 c4 53. h5 gxh5 54. gxh5 c3 55. h6 c2 0-1

[Event "FRA-chT U20 0203"]
[Site "Clichy"]
[Date "2003.01.03"]
[Round "4.2"]
[White "Boukobza, Adrien"]
[Black "Verot, Melanie"]
[Result "1/2-1/2"]
[WhiteElo "2046"]
[BlackElo "2044"]
[PlyCount "51"]
[EventDate "2002.12.??"]
[EventType "team"]
[EventRounds "11"]
[EventCountry "FRA"]
[SourceTitle "EXT 2004"]
[Source "ChessBase"]
[SourceDate "2003.11.25"]
[SourceVersion "1"]
[SourceVersionDate "2003.11.25"]
[SourceQuality "1"]
[WhiteTeam "Clichy"]
[BlackTeam "Cannes"]
[WhiteTeamCountry "FRA"]
[BlackTeamCountry "FRA"]

1. d4 Nf6 2. c4 c5 3. d5 e6 4. Nc3 exd5 5. cxd5 d6 6. Nf3 g6 7. Nd2 Na6 8. e4 Nc7 9. a4 b6 10. Be2 Bg7 11. 0-0 0-0 12. f3 Rb8 13. Nc4 Ba6 14. Be3 Bxc4 15. Bxc4 Nd7 16. Qc2 Ne5 17. Nb5 Na6 18. Nxa7 Nb4 19. Qe2 Ra8 20. Nb5 Nxc4 21. Qxc4 Bxb2 22. Rab1 Bf6 23. Bf4 Be7 24. Nd4 Bf6 25. Nb5 Be7 26. Nd4 1/2-1/2